Twin shell cup (TS Cup) technology: For high-quality NR planting material (Record no. 71613)

MARC details
000 -LEADER
fixed length control field 00437nam a2200157Ia 4500
100 ## - MAIN ENTRY--AUTHOR NAME
Personal name Muthu Ayyappan T
245 #0 - TITLE STATEMENT
Title Twin shell cup (TS Cup) technology: For high-quality NR planting material
260 ## - PUBLICATION, DISTRIBUTION, ETC. (IMPRINT)
Name of publisher Rubber Asia
Year of publication 2016
300 ## - PHYSICAL DESCRIPTION
Number of Pages 64,66,68,70
500 ## - GENERAL NOTE
General note Source Year: 2016
650 ## - SUBJECT ADDED ENTRY--TOPICAL TERM
Topical Term NR planting material
650 ## - SUBJECT ADDED ENTRY--TOPICAL TERM
Topical Term TS cup
650 ## - SUBJECT ADDED ENTRY--TOPICAL TERM
Topical Term Twin shell cup
942 ## - ADDED ENTRY ELEMENTS (KOHA)
Koha item type Journals
Holdings
Withdrawn status Lost status Damaged status Not for loan Home library Current library Shelving location Date acquired Serial Enumeration / chronology Koha item type
      Journals RRII Library RRII Library Botany 01/01/2021 Volume 31, Issue 3 Journals